000 00546nam a22001937a 4500
003 koha_MIRAKIL
005 20231213100441.0
008 231213b |||||||| |||| 00| 0 ||| d
020 _b978-6-05-093350-5
040 _aTR-IsEVY
_btur
_cTR-IsEVY
082 _a813.42 ÇAK/K
100 _aÇakman, Koray Avcı.
245 0 _aKayıp formül
260 _bDoğan Egmont Yayıncılık,
_c2016
300 _a153 s.
650 _aTürk edebiyatı -- Roman -- Macera.
650 _aTurkish literature -- Fiction -- Adventure.
942 _2ddc
_cBK
999 _c20130
_d20130